000 00817nam a22002777a 4500
001 BR6001793
003 BR-BrBNA
005 20230928083105.0
007 ta
008 230509b bl.||||| |||| 00| 0 por d
040 _aBR-BrBNA
_bpor
_cBiblioteca Nacional de Agricultura
041 _a(Por)
072 _aE10; Q10
_b0300
_b9500
090 _ 0300 BR6001793
100 1 _aCarvalho, J.B. de M.
110 1 _aInstituto de Oleos, Rio de Janeiro, GB (Brasil)
_96060
245 1 _aA industria de oleos vegetaes e seus problemas. Questoes technico-industriaes e de ensino
260 3 _aRio de Janeiro, GB (Brasil):
_c1936.
300 _av. 1-2
650 _aPLANTA OLEAGINOSA
650 _aOLEO
650 _aINDUSTRIA ALIMENTICIA
650 _aENSINO
909 _a202309
_bLucia
_c55
_dLucia Elande
942 _cBK
999 _c11517
_d11517